La colʺlecció egípcia del Museu de Montserrat /

Saved in:

Other Authors: Uriach, Javier., Vivo, Jaume.

Format: Book

Language: Spanish

Published: Barcelona : Museu de Montserrat : Societat Catalana d'Egiptologia, 2008.

Subjects:

Tags: Add Tag

No Tags, Be the first to tag this record!

Call Number: DT59 .B286 C65 2008

LEADER 01040namaa2200289 4500
003 OSt
005 20260510052217.0
008 130303s2008 sp a bc 000 0 spa d
020 |a 9788461198078 
040 |c ARCE Library 
050 4 |a DT59 .B286 C65 2008 
245 0 3 |a La colʺlecció egípcia del Museu de Montserrat /   |c coordinadors: Javier Uriach, Jaume Vivó. 
264 1 |a Barcelona :  |b Museu de Montserrat :   |b Societat Catalana d'Egiptologia,   |c 2008. 
300 |a 375 pages :   |b illustrations (chiefly col.) ;   |c 22 cm. 
500 |a Museum catalogue. 
500 |a Text in Catalan, English and Spanish. 
504 |a Includes bibliographical references. 
546 |a Catalan, Spanish, English. 
610 2 0 |a Museu de Montserrat  |v Catalogs. 
610 2 0 |a Museu de Montserrat  |x Art collections. 
650 0 |a Excavations (Archaeology)   |z Egypt   |v Catalogs. 
651 0 |a Egypt   |x Antiquities   |v Catalogs. 
700 1 |a Uriach, Javier.  |9 41469 
700 1 |a Vivo, Jaume.  |9 41718 
901 |a reviewed 
942 |c BK  |2 lcc 
999 |c 2773  |d 2773